[Event "WYg16"]
[Site "Halkidiki GRE"]
[Date "2003.10.25"]
[Round "3"]
[White "Schoene,Mar"]
[Black "Vega Gutierrez,S"]
[Result "0-1"]
[WhiteElo "2035"]
[BlackElo "2228"]

1.e4 c5 2.Nf3 e6 3.d4 cxd4 4.Nxd4 a6 5.Nc3 Qc7 6.Bd3 b5 7.O-O Bb7 8.Re1 d6
9.Bg5 Nd7 10.a4 bxa4 11.Nxa4 Ngf6 12.Qe2 Be7 13.Nb3 Ne5 14.Bd2 Nc6 15.f4 e5
16.fxe5 Nxe5 17.Ba5 Qb8 18.Nd4 g6 19.Rf1 O-O 20.Nf3 Nfd7 21.Kh1 Bf6 22.Nxe5 Bxe5
23.Bc3 Qc7 24.Bc4 Rae8 25.Bxa6 Bxe4 26.Qxe4 Bxc3 27.Qg4 Bg7 28.Bb5 Ne5 29.Qf4 Rb8
30.Nc3 Qc5 31.Qa4 h5 32.h3 d5 33.Rad1 Rfd8 34.Bd3 Rxb2 35.Qh4 Rd7 36.Na4 Qb4
37.Qxb4 Rxb4 38.Nc5 Ra7 39.Be2 Rb2 40.Rxd5 Rxc2 41.Bf3 Nxf3 42.Rxf3 Re7 43.Rf1 f5
44.Nd3 Kf7 45.Nf4 Be5 46.Rdd1 h4 47.Rde1 Bf6 48.Rxe7+ Bxe7 49.Rb1 Rf2 50.Nd3 Rd2
51.Ne1 Re2 52.Nf3 g5 53.Rb7 Kf6 54.Rb6+ Kf7 55.Rb7 Kg6 56.Rb1 Bf6 57.Re1 Ra2
58.Ne5+ Kh5 59.Nd3 Rd2 60.Nc5 g4 61.hxg4+ Kxg4 62.Ne6 Kg3 63.Re3+ Kg4 64.Re1 Be7
65.Rf1 Bd6 66.Ng7 f4 67.Ne6 Rd3 68.Rb1 Be5 69.Nc5 Re3 70.Rd1 Bc3 71.Nd3 Kg3
72.Nc5 Kg4 73.Rf1 Bd4 74.Rc1 Kg3 75.Nd7 Re2 76.Rd1 h3 77.Rd3+ Be3  0-1

[Event "300 Years"]
[Site "St Petersburg RUS"]
[Date "2003.10.25"]
[Round "8"]
[White "Tjurin,A"]
[Black "Iljin,A"]
[Result "0-1"]
[WhiteElo "2400"]
[BlackElo "2473"]

1.e4 c5 2.Nf3 e6 3.d4 cxd4 4.Nxd4 a6 5.Nc3 b5 6.g3 Bb7 7.Bg2 Nf6 8.Qe2 Qc7
9.O-O d6 10.Rd1 b4 11.Na4 Be7 12.c4 Nc6 13.Nc2 O-O 14.b3 Rab8 15.Bf4 e5 16.Bg5 h6
17.Be3 Bc8 18.f3 Be6 19.c5 d5 20.Qxa6 d4 21.Bf2 Nd7 22.Rac1 Ra8 23.Qe2 Rxa4
24.bxa4 Nxc5 25.Qe1 Qb7 26.f4 f6 27.Rb1 Nxa4 28.Nxb4 Bxb4 29.a3 Bxe1 30.Rxb7 Bxf2+
31.Kxf2 Nc3 32.Rc1 Na5 33.Rb6 Bf7 34.Bf3 Nc4 35.Ra6 Rb8 36.fxe5 Rb2+ 37.Kg1 Nxe5
38.Ra8+ Kh7 39.Rf1 d3 40.Rd8 d2 41.Bd1 Nxd1 42.Rxd1 Bh5  0-1

[Event "WYb18"]
[Site "Halkidiki GRE"]
[Date "2003.10.26"]
[Round "4"]
[White "Zhigalko,A"]
[Black "Babujian,L"]
[Result "0-1"]
[WhiteElo "2478"]
[BlackElo "2373"]

1.e4 c5 2.Nf3 e6 3.d4 cxd4 4.Nxd4 a6 5.Nc3 Qc7 6.Bd3 b5 7.O-O Bb7 8.Re1 Bc5
9.Be3 Nf6 10.Ndxb5 axb5 11.Nxb5 Qc6 12.Bxc5 Qxc5 13.e5 Ne4 14.Rxe4 Bxe4 15.Nd6+ Ke7
16.Bxe4 Nc6 17.Bxc6 dxc6 18.Qh5 Rhf8 19.c4 h6 20.Rd1 g5 21.Re1 Rxa2 22.Qf3 Qa5
23.Qf6+ Kd7 24.Rf1 Ra1 25.g3 Rxf1+ 26.Kxf1 Qa1+ 27.Kg2 c5 28.Ne4 Qa8 29.f3 g4
30.Nxc5+ Kc6 31.Ne4 Rb8 32.Qxf7 Rxb2+ 33.Nf2 Kc5 34.Qe7+ Kd4 35.Qd6+ Kc3
36.Qd3+ Kb4 37.Qd6+ Ka4 38.Qd1+ Ka3 39.Qa1+ Ra2 40.Qc3+ Ka4 41.c5 Qd5 42.Qe3 h5
43.h3 Kb5 44.hxg4 hxg4 45.Qc3 gxf3+ 46.Qxf3 Kxc5 47.g4 Kd4 48.Qxd5+ Kxd5
49.Kf3 Kxe5 50.Nd3+ Kd4 51.Nf4 Ra3+ 52.Ke2 e5 53.Ne6+ Ke4 54.Nc5+ Kd5 55.Nd7 Ke4
56.Nc5+ Kd4 57.Ne6+ Kd5 58.Ng7 Ke4 59.Nh5 Ra2+ 60.Kd1 Rg2 61.Nf6+ Kf3  0-1

[Event "300 Years"]
[Site "St Petersburg RUS"]
[Date "2003.10.26"]
[Round "9"]
[White "Halyavskiy,N"]
[Black "Karasev,V"]
[Result "0-1"]
[WhiteElo "2312"]
[BlackElo "2418"]

1.e4 c5 2.Nf3 e6 3.d4 cxd4 4.Nxd4 a6 5.Nc3 b5 6.Bd3 Qb6 7.Nf3 Bb7 8.O-O Qc7
9.a4 b4 10.Ne2 Nf6 11.Bf4 d6 12.Ng3 Nbd7 13.Qd2 Rb8 14.Rfe1 Ne5 15.Bxe5 dxe5
16.Qg5 Nd7 17.Nh5 Rg8 18.Rad1 Be7 19.Nxg7+ Kf8 20.Nxe6+ fxe6 21.Qh6+ Rg7
22.Qxe6 Qc6 23.Qf5+ Qf6 24.Qh5 Bc8 25.b3 Rb6 26.Bc4 Qf4 27.Qf5+ Rf6 28.Qxf4 Rxf4
29.Kf1 Rg6 30.Re3 Ke8 31.g3 Rf8 32.Red3 Rgf6 33.Kg2 Nb6 34.R1d2 Nxc4 35.bxc4 Rxf3
36.Rxf3 Bh3+ 37.Kxh3 Rxf3 38.Kg4 Ra3 39.Kf5 Ra2 40.Ke6 b3 41.Rd7 bxc2  0-1

[Event "After Holidays IM"]
[Site "Tel Aviv ISR"]
[Date "2003.10.26"]
[Round "7"]
[White "Reznik,Vi"]
[Black "Eljanov,V"]
[Result "1/2-1/2"]
[WhiteElo "2296"]
[BlackElo "2419"]

1.e4 c5 2.Nf3 e6 3.d4 cxd4 4.Nxd4 a6 5.Nc3 Qc7 6.g3 Nc6 7.Bg2 d6 8.O-O Bd7
9.Nde2 Nf6 10.h3 b5 11.Be3 Be7 12.g4 b4 13.Na4 Rb8 14.b3 d5 15.exd5 Nxd5
16.Bxd5 exd5 17.Qxd5 Rb5 18.Qg2 h5 19.c4 Re5 20.Bf4 hxg4 21.hxg4 Rh4 22.f3 f5
23.Bg3 fxg4 24.Bxh4 Bxh4 25.Rad1 Ne7 26.Nd4 Qa7 27.c5 Bxa4 28.bxa4 Qxc5 29.Kh1 Rh5
30.fxg4 Bf2+ 31.gxh5 Qxh5+ 32.Qh2 Qd5+  1/2-1/2

[Event "Classics II IM"]
[Site "Gausdal NOR"]
[Date "2003.10.27"]
[Round "9"]
[White "Thinius,M"]
[Black "Miezis,N"]
[Result "0-1"]
[WhiteElo "2389"]
[BlackElo "2525"]

1.e4 c5 2.Nf3 e6 3.d4 cxd4 4.Nxd4 a6 5.Nc3 Qc7 6.Be2 b5 7.O-O Bb7 8.Re1 Nc6
9.Bf1 Nxd4 10.Qxd4 f6 11.e5 Qc6 12.Bf4 Bc5 13.Qd2 fxe5 14.Bxe5 Nf6 15.Rad1 O-O
16.Bxf6 Rxf6 17.Ne4 Qxe4 18.Rxe4 Bxe4 19.Qc3 Rc8 20.Kh1 Rxf2 21.h3 Bb7 22.Qd3 Rcf8
23.a3 Bd5 24.b3 Bxa3 25.c4 Bc6 26.Ra1 Bc5 27.Re1 b4 28.Ra1 a5 29.Rb1 e5 30.Re1 e4
31.Rxe4 Rxf1+ 32.Kh2 Bxe4  0-1

[Event "WYb18"]
[Site "Halkidiki GRE"]
[Date "2003.10.27"]
[Round "5"]
[White "Polivanov,A"]
[Black "Pixton,A"]
[Result "1/2-1/2"]
[WhiteElo "2393"]
[BlackElo "2445"]

1.e4 c5 2.Nf3 e6 3.Nc3 a6 4.d4 cxd4 5.Nxd4 b5 6.Bd3 Qb6 7.Nf3 Nc6 8.O-O Qb8
9.Re1 Bd6 10.Qe2 Ne5 11.Nxe5 Bxe5 12.g3 Ne7 13.Be3 Bb7 14.Qd2 O-O 15.a4 b4
16.Na2 a5 17.c3 bxc3 18.Nxc3 Bxc3 19.Qxc3 d5 20.Bf4 Qa7 21.Be3 Qb8 22.Bf4 Qa7
23.Be3  1/2-1/2

[Event "WYg18"]
[Site "Halkidiki GRE"]
[Date "2003.10.27"]
[Round "5"]
[White "Czaeczine,A"]
[Black "Kagramanov,D"]
[Result "1-0"]
[WhiteElo "2141"]
[BlackElo "2071"]

1.e4 c5 2.Nf3 e6 3.d4 cxd4 4.Nxd4 a6 5.Nc3 b5 6.Bd3 Qb6 7.Nb3 Qc7 8.Qe2 d6
9.Bd2 Bb7 10.O-O Nf6 11.a4 bxa4 12.Nxa4 Nc6 13.f4 Be7 14.Rae1 e5 15.f5 d5
16.exd5 Nxd5 17.Nac5 Qb6 18.Qf2 Bc8 19.Be4 Bxc5 20.Nxc5 Nde7 21.f6 gxf6 22.Qxf6 Rf8
23.Bxc6+ Qxc6 24.Qxe5 Ra7 25.Bg5 Rg8 26.Rf2 Qc7 27.Qf6 Rf8 28.Qd4 Rg8 29.Bxe7  1-0

[Event "Curacao Open"]
[Site "Willemstad AHO"]
[Date "2003.10.28"]
[Round "4"]
[White "Metz,Ha"]
[Black "Straub,P"]
[Result "1/2-1/2"]
[WhiteElo "2325"]
[BlackElo "2128"]

1.e4 c5 2.Nf3 e6 3.d4 cxd4 4.Nxd4 a6 5.Nc3 Qc7 6.Bd3 Nc6 7.Be3 Nf6 8.Qe2 g6
9.f4 d6 10.Nb3 Bg7 11.O-O-O O-O 12.g4 Nb4 13.Kb1 b5 14.f5 exf5 15.gxf5 Bb7
16.Bd4 Rfe8 17.Qf3 Nxd3 18.cxd3 b4 19.Nd5 Nxd5 20.Bxg7 Kxg7 21.exd5 Re5 22.f6+ Kh8  1/2-1/2

[Event "Open"]
[Site "Bastia FRA"]
[Date "2003.10.29"]
[Round "1"]
[White "Marino,O"]
[Black "Epishin,V"]
[Result "0-1"]
[WhiteElo "2138"]
[BlackElo "2658"]

1.e4 c5 2.Nf3 e6 3.d4 cxd4 4.Nxd4 a6 5.Nc3 b5 6.Bd3 Qb6 7.Nb3 Qc7 8.O-O d6
9.Be3 Nf6 10.a3 Be7 11.f4 Nbd7 12.Qf3 Bb7 13.Qg3 g6 14.Rae1 h5 15.Nd4 Ng4
16.f5 gxf5 17.exf5 e5 18.Nb3 Ndf6 19.Bg5 Rg8 20.h4 O-O-O 21.Be4 Nxe4 22.Nxe4 f6
23.Rf3 Qb6+ 24.Kh1 Bxe4 25.Rxe4 fxg5 26.Rxe5 Rh8  0-1

[Event "LXVIII ch-ESP Abierto"]
[Site "Burgos ESP"]
[Date "2003.10.29"]
[Round "6"]
[White "Ortiz Fernandez Vega,A"]
[Black "Gonzalez de la Torre,S"]
[Result "0-1"]
[WhiteElo "2109"]
[BlackElo "2365"]

1.e4 c5 2.Nf3 e6 3.d4 cxd4 4.Nxd4 a6 5.Nc3 b5 6.Bd3 Qb6 7.Nb3 Qc7 8.O-O Bb7
9.f4 d6 10.Be3 Nd7 11.Qf3 Ngf6 12.g4 b4 13.Ne2 d5 14.exd5 Bxd5 15.Qg3 Ne4
16.Bxe4 Bxe4 17.Ned4 Bd6 18.Rae1 O-O 19.Rf2 Rac8 20.Nd2 Ba8 21.N2f3 Nf6 22.Ree2 Ne4  0-1

[Event "WYg18"]
[Site "Halkidiki GRE"]
[Date "2003.10.30"]
[Round "8"]
[White "Aketaeva,D"]
[Black "Machalova,V"]
[Result "0-1"]
[WhiteElo "2192"]
[BlackElo "2128"]

1.e4 c5 2.Nf3 e6 3.d4 cxd4 4.Nxd4 a6 5.Nc3 Qc7 6.Be2 Nf6 7.f4 Bb4 8.Qd3 Nxe4
9.Qxe4 Bxc3+ 10.Kf2 Ba5 11.Be3 O-O 12.f5 d5 13.Qg4 e5 14.Nb3 Bb6 15.Bxb6 Qxb6+
16.Ke1 Nd7 17.Rf1 Nf6 18.Qh4 a5 19.a4 Bd7 20.Kd1 Rfc8 21.Rf3 e4 22.Rg3 Bxf5
23.Qg5 Qg1+ 24.Kd2 e3+  0-1

[Event "Open"]
[Site "Bastia FRA"]
[Date "2003.10.31"]
[Round "9"]
[White "Tiviakov,S"]
[Black "Epishin,V"]
[Result "1/2-1/2"]
[WhiteElo "2601"]
[BlackElo "2658"]

1.e4 c5 2.Nf3 e6 3.Nc3 a6 4.d4 cxd4 5.Nxd4 b5 6.Bd3 Qb6 7.Nb3 Qc7 8.O-O d6
9.f4 Nd7 10.Qf3 Ngf6 11.Bd2 Bb7 12.Rae1 g6 13.a3 Bg7 14.Qh3 O-O 15.Kh1 d5
16.e5 Ne4 17.Nxe4 dxe4 18.Ba5 Qc8 19.Bxe4 Bxe4 20.Rxe4 Qxc2 21.Rd4 Nc5 22.Nxc5 Qxc5
23.Qd3 Rfc8 24.Rd1 Bf8 25.h3 h5 26.h4 Qe7 27.g3 Qb7+ 28.Kh2 Ra7 29.Rd7 Qxd7
30.Qxd7 Rxd7 31.Rxd7 Rc2+ 32.Rd2  1/2-1/2

[Event "LXVIII ch-ESP Abierto"]
[Site "Burgos ESP"]
[Date "2003.10.31"]
[Round "8"]
[White "Molina Vinas,M"]
[Black "San Emeterio Cabanes,J"]
[Result "0-1"]
[WhiteElo "2132"]
[BlackElo "2342"]

1.e4 c5 2.Nf3 e6 3.d4 cxd4 4.Nxd4 a6 5.Nc3 Qc7 6.Bd3 Nc6 7.Nxc6 dxc6 8.O-O b5
9.Be3 Bb7 10.Re1 Nf6 11.Bg5 Bd6 12.h3 Nd7 13.Qe2 c5 14.b3 Be5  0-1

[Event "WYb18"]
[Site "Halkidiki GRE"]
[Date "2003.10.31"]
[Round "9"]
[White "Aveskulov,V"]
[Black "Nikolov,M"]
[Result "1-0"]
[WhiteElo "2428"]
[BlackElo "2335"]

1.e4 c5 2.Nf3 e6 3.d4 cxd4 4.Nxd4 a6 5.Nc3 Qc7 6.Bd3 Nc6 7.Nxc6 dxc6 8.f4 e5
9.O-O Nf6 10.Kh1 Bd6 11.f5 b5 12.a4 Bb7 13.Be3 Be7 14.Qe2 O-O 15.Bg5 Rfd8
16.Bh4 Ne8 17.Bg3 Nf6 18.Bh4 Ne8 19.Bf2 Rac8 20.b3 Bb4 21.Nd1 Qe7 22.Qe3 Rd7
23.c3 Rcd8 24.Be2 Bd6 25.Nb2 Nf6 26.Bh4 Bc5 27.Qf3 Rd2 28.Nd3 Qd6 29.Bg5 Rc2
30.Ne1 Rb2 31.Rd1 Qe7 32.Rxd8+ Qxd8 33.Nd3 Rxe2 34.Nxc5 Rb2 35.Nxb7 Qb6 36.Rd1 h6
37.Bxf6 gxf6 38.h4 Kf8 39.Nd6 bxa4 40.Qh5 Qxb3 41.Qxh6+ Kg8 42.Rd3 Rb1+ 43.Kh2 Rh1+
44.Kxh1 Qb1+ 45.Kh2 Qxd3 46.Ne8  1-0

[Event "LXVIII ch-ESP Scheveningen"]
[Site "Burgos ESP"]
[Date "2003.11.01"]
[Round "4"]
[White "Arizmendi Martinez,J"]
[Black "Comas Fabrego,L"]
[Result "1/2-1/2"]
[WhiteElo "2521"]
[BlackElo "2502"]

1.e4 c5 2.Nf3 e6 3.Nc3 a6 4.d4 cxd4 5.Nxd4 Qc7 6.Bd3 Nf6 7.f4 d6 8.Qf3 b5
9.a3 Bb7 10.g4 Nc6 11.Nxc6 Bxc6 12.Be3 Be7 13.Bd4 e5 14.fxe5 dxe5 15.Be3  1/2-1/2

[Event "LXVIII ch-ESP Abierto"]
[Site "Burgos ESP"]
[Date "2003.11.01"]
[Round "9"]
[White "Roa Alonso,S"]
[Black "Zarzo Lopez,T"]
[Result "1/2-1/2"]
[WhiteElo "2352"]
[BlackElo "2249"]

1.e4 c5 2.Nf3 e6 3.d4 cxd4 4.Nxd4 a6 5.Nc3 Qc7 6.g3 Nf6 7.Bg2 Be7 8.O-O d6
9.a4 Nc6 10.Nde2 b6 11.b3 Bb7 12.Bb2 h5 13.h3 Ne5 14.Nd4 Rc8 15.Qe2 Qc5 16.Rad1 g5
17.Qe3  1/2-1/2

[Event "WYg18"]
[Site "Halkidiki GRE"]
[Date "2003.11.01"]
[Round "10"]
[White "Czaeczine,A"]
[Black "Kursova,M"]
[Result "0-1"]
[WhiteElo "2141"]
[BlackElo "2275"]

1.e4 c5 2.Nf3 e6 3.d4 cxd4 4.Nxd4 a6 5.Nc3 Qc7 6.Bd3 Nc6 7.Nxc6 dxc6 8.O-O e5
9.f4 Nf6 10.fxe5 Bc5+ 11.Kh1 Ng4 12.Qf3 Be6 13.Bf4 O-O-O 14.a4 Bd4 15.Rab1 Bxe5
16.b4 g5 17.Bg3 h5 18.b5 h4 19.h3 hxg3 20.bxc6 Qxc6 21.Nd5 Qc5 22.Nb6+ Kb8
23.Bxa6 Nf2+ 24.Rxf2 Qxf2 25.Qxf2 gxf2 26.Nc4 Bxc4  0-1

[Event "3rd Rohde Open"]
[Site "Sautron FRA"]
[Date "2003.11.01"]
[Round "8"]
[White "Nevednichy,V"]
[Black "Kengis,E"]
[Result "1/2-1/2"]
[WhiteElo "2575"]
[BlackElo "2572"]

1.e4 c5 2.Nf3 e6 3.d4 cxd4 4.Nxd4 a6 5.Nc3 b5 6.Bd3 d6 7.O-O Nf6 8.a4 b4
9.Na2 e5 10.Nf3 Nc6 11.c3 bxc3 12.Nxc3 Be7 13.Bg5 Be6 14.a5 Nd7 15.Bxe7 Nxe7
16.b4 O-O 17.Qe2 Nc6 18.Rfb1 Bg4 19.Qe3 Nf6 20.Na4 Bxf3 21.Qxf3 Nd4 22.Qd1 d5
23.Nc5 Nxe4 24.Nxe4 dxe4 25.Bxe4 Ra7 26.Bd3 Qd5 27.b5 axb5  1/2-1/2

[Event "TCh-BEL 2003-4"]
[Site "Belgium BEL"]
[Date "2003.11.02"]
[Round "3"]
[White "Meessen,R"]
[Black "Defize,A"]
[Result "1/2-1/2"]
[WhiteElo "2291"]
[BlackElo "2276"]

1.e4 c5 2.Nf3 e6 3.Nc3 a6 4.d4 cxd4 5.Nxd4 b5 6.g3 Bb7 7.Bg2 Nf6 8.O-O d5
9.Bg5 b4 10.Nxd5 exd5 11.e5 h6 12.exf6 hxg5 13.Re1+ Kd7 14.fxg7 Bxg7 15.Nf5 Bf6
16.c4 Nc6 17.cxd5 Ne5 18.Rc1 Qb6 19.Rc6 Bxc6 20.dxc6+ Kc8 21.Qd6 Ng4  1/2-1/2

[Event "TCh-BEL 2003-4"]
[Site "Belgium BEL"]
[Date "2003.11.02"]
[Round "3"]
[White "Degraeve,JM"]
[Black "Kveinys,A"]
[Result "1/2-1/2"]
[WhiteElo "2562"]
[BlackElo "2495"]

1.e4 c5 2.Nc3 e6 3.Nf3 a6 4.d4 cxd4 5.Nxd4 Qc7 6.Bd3 Bd6 7.Qh5 Nf6 8.Qh3 Nc6
9.Nde2 Bc5 10.O-O Ne5 11.Be3 Bxe3 12.Qxe3 Neg4 13.Qg3 Qxg3 14.Nxg3 h5 15.h3 h4
16.hxg4 hxg3 17.f3 d6 18.Ne2 g5 19.Nxg3 Ke7 20.Kf2 Bd7 21.Rfe1 e5 22.Bc4 Rac8
23.Bb3 a5 24.a4 Be6 25.Rad1 Rc6 26.Re2 Rb6 27.Red2 Rc8 28.Nf1 Bxb3 29.cxb3 Rxb3
30.Ne3 d5 31.exd5 Rb4 32.Rh1 Rxa4 33.Rh6 Ne8 34.d6+ Kd7 35.Rh7 Rd4 36.Rxf7+ Kxd6
37.Nf5+ Ke6 38.Re7+ Kf6 39.Re2 Rd5 40.Rxb7 Rcc5 41.Ng3 Nd6 42.Ra7 Rb5 43.Rc2 Rb6
44.Rd7 Ke6 45.Ra7 Rdb5 46.Rd2 Nc4 47.Rdd7 Rxb2+ 48.Kg1 Rd6 49.Re7+ Kd5 50.Rg7 a4
51.Ne4 Rd8 52.Nc3+ Kd4 53.Nxa4 Ra2  1/2-1/2

[Event "ch-UKR w"]
[Site "Nikolaev UKR"]
[Date "2003.11.04"]
[Round "1"]
[White "Chumak,N"]
[Black "Dvoretska,O"]
[Result "0-1"]
[WhiteElo "1935"]
[BlackElo "2212"]

1.e4 c5 2.Nf3 e6 3.d4 cxd4 4.Nxd4 a6 5.Nc3 Qc7 6.Bd3 Nc6 7.Be3 Nf6 8.O-O b5
9.Nb3 Bb7 10.a3 h5 11.h3 d6 12.f4 Be7 13.Qe1 Rc8 14.Nd4 Na5 15.f5 e5 16.Nf3 Nc4
17.Bxc4 Qxc4 18.Nd2 Qc7 19.Rd1 Bc6 20.Bf2 Qb7 21.Qe3 a5 22.Nb3 Bxe4 23.Nxa5 Qa8
24.Nxe4 Nxe4 25.Qb6 O-O 26.Be3 Bd8 27.Qb7  0-1

[Event "ch-UKR"]
[Site "Simferopol UKR"]
[Date "2003.11.05"]
[Round "2"]
[White "Alexikov,A"]
[Black "Rogovski,V"]
[Result "1/2-1/2"]
[WhiteElo "2383"]
[BlackElo "2474"]

1.e4 c5 2.Nf3 e6 3.d4 cxd4 4.Nxd4 a6 5.Nc3 b5 6.Bd3 Bc5 7.Nb3 Ba7 8.Qe2 d6
9.Bf4 Nc6 10.O-O-O e5 11.Be3 Nge7 12.f4 O-O 13.Kb1 Be6 14.Nd5 f6 15.Nxe7+ Qxe7
16.f5 Bf7 17.g4 Nb4 18.Rhg1 d5 19.g5 Bxe3 20.Qxe3 d4 21.gxf6 Qxf6 22.Qd2 a5
23.Nc1 Bc4 24.Qg5 Rac8 25.a3 Bxd3 26.Nxd3 Nxd3 27.cxd3 Qxg5 28.Rxg5 Rf6 29.Rc1 Rxc1+
30.Kxc1 Rc6+ 31.Kd2 Kf7 32.Rh5 h6 33.Rh3 a4 34.Rf3 Rf6 35.Rg3 Rb6 36.Kc2 Rd6
37.h4 Rb6 38.h5 Rd6 39.Rg6 Rf6 40.Kd2  1/2-1/2

[Event "ch-UKR"]
[Site "Simferopol UKR"]
[Date "2003.11.07"]
[Round "4"]
[White "Yastreb,K"]
[Black "Vasilevich,T"]
[Result "0-1"]
[WhiteElo "2338"]
[BlackElo "2425"]

1.e4 c5 2.Nf3 e6 3.Nc3 a6 4.d4 cxd4 5.Nxd4 Qc7 6.Bd3 b5 7.O-O Nc6 8.Be3 Bb7
9.Qe2 Nf6 10.Kh1 Be7 11.f4 d6 12.Nb3 O-O 13.a4 b4 14.Nb1 e5 15.a5 exf4 16.Bxf4 Nd7
17.N1d2 Nde5 18.Nf3 Bf6 19.Bg5 Bxg5 20.Nxg5 Rfe8 21.Qh5 h6 22.Nh3 Nxd3 23.cxd3 Re5
24.Qg4 Rae8 25.Qf3 f5 26.Qg3 fxe4 27.d4 Rd5 28.Qg6 Qe7 29.Rf4 Nd8 30.Re1 Rb5
31.d5 Rxd5 32.Rfxe4 Re5 33.Rxe5 dxe5 34.Nd4 Qf7 35.Qxf7+ Kxf7 36.Nb3 Nc6
37.Kg1 Rd8 38.Nf2 Rd5 39.Ne4 Ke7 40.Nbc5 Bc8 41.Ra1 Bf5 42.Kf2 Bxe4 43.Nxe4 Rxa5
44.Rxa5 Nxa5 45.Nc5 Kd6 46.Nxa6 b3 47.Nb4 e4 48.Ke3 Ke5 49.Ke2 Kd4 50.h3 Nc4  0-1

[Event "7th BayEM"]
[Site "Bad Wiessee GER"]
[Date "2003.11.08"]
[Round "1"]
[White "Klaus,D"]
[Black "Cladouras,P"]
[Result "1/2-1/2"]
[WhiteElo "2024"]
[BlackElo "2343"]

1.e4 c5 2.Nf3 e6 3.d4 cxd4 4.Nxd4 a6 5.Nc3 g6 6.Be3 Bg7 7.Qd2 Ne7 8.Bc4 O-O
9.h4 d5 10.exd5 exd5 11.Be2 Nbc6 12.h5 Nf5 13.Nxf5 Bxf5 14.Bh6 d4 15.Bxg7 Kxg7
16.hxg6 hxg6 17.Qh6+ Kf6 18.Qh4+ Kg7 19.Qh6+ Kf6 20.Qh4+ Kg7 21.Qh6+  1/2-1/2

[Event "1st Chesspangenberg Open"]
[Site "Buenos Aires ARG"]
[Date "2003.11.08"]
[Round "5"]
[White "Garcia,S"]
[Black "Garcia,Rai"]
[Result "0-1"]
[WhiteElo "2144"]
[BlackElo "2347"]

1.e4 c5 2.Nf3 e6 3.Nc3 a6 4.d4 cxd4 5.Nxd4 b5 6.a4 b4 7.Nb1 Bb7 8.Bd3 Bc5
9.Nb3 Be7 10.Be3 d6 11.N1d2 Nd7 12.O-O Ngf6 13.f3 O-O 14.a5 d5 15.exd5 Nxd5
16.Bf2 Ne5 17.Nc4 Nxc4 18.Bxc4 Rc8 19.Bxd5 Qxd5 20.Qxd5 Bxd5 21.Nd4 Rfd8
22.Rfd1 g6 23.f4 Bb7 24.Rd2 Rd5 25.Be3 Bd8 26.Ra4 Be7 27.Re2 Kf8 28.Kf2 Ke8
29.Ke1 Rc7 30.g3 Bc8 31.Ra1 f6 32.Nb3 e5 33.Rd2 Rxd2 34.Kxd2 Bf5 35.Rc1 Be6
36.Re1 Rd7+ 37.Kc1 Bxb3 38.cxb3 e4 39.Rd1 Rxd1+ 40.Kxd1 f5 41.Ke2 Kd7 42.Kd2 Kc6
43.Ke2 Bd8 44.h3 Bxa5 45.Bd2 Kb5 46.g4 Bb6 47.Kd1 a5  0-1

[Event "TCh-AUT B Mitte 2003-4"]
[Site "St Veit AUT"]
[Date "2003.11.08"]
[Round "1"]
[White "Haba,P"]
[Black "Horvath,Ad"]
[Result "1/2-1/2"]
[WhiteElo "2524"]
[BlackElo "2513"]

1.e4 c5 2.Nf3 e6 3.d4 cxd4 4.Nxd4 a6 5.Nc3 Qc7 6.Be2 Nc6 7.O-O Nf6 8.Be3 Be7
9.f4 d6 10.Kh1 O-O 11.Qe1 Nxd4 12.Bxd4 b5 13.a3 Bb7 14.Qg3 Rad8 15.Rae1 Rfe8
16.Bd3 Rd7 17.e5 dxe5 18.Bxe5 Qd8 19.f5 Bd6 20.Qh3 Bxe5 21.Rxe5 Rde7 22.fxe6 Rxe6
23.Rxe6 Rxe6 24.Qg3 g6 25.Qf2 Qe7 26.h3 h5 27.Kg1 Kg7 28.Qd4 Re5 29.Rf2 Re1+  1/2-1/2

[Event "ch-IND A Women"]
[Site "Calicut IND"]
[Date "2003.11.09"]
[Round "1"]
[White "Saheli,N"]
[Black "Sachdev,T"]
[Result "0-1"]
[WhiteElo "2127"]
[BlackElo "2218"]

1.e4 c5 2.Nf3 e6 3.d4 cxd4 4.Nxd4 a6 5.Nc3 Qc7 6.g3 Nf6 7.Bg2 Be7 8.O-O d6
9.a4 Nc6 10.Be3 O-O 11.Kh1 Ne5 12.h3 b6 13.Qe2 Bb7 14.Rad1 Rfe8 15.Bc1 g6
16.g4 Bf8 17.f4 Nc4 18.Nf3 Bg7 19.Rd3 Rad8 20.b3 Na5 21.Bb2 Bxe4 22.Nxe4 Nxe4
23.Nd4 Nc5 24.Re3 d5 25.f5 e5 26.Nf3 Nc6 27.fxg6 hxg6 28.Nd2 Re7 29.Ba3 d4
30.Bxc5 bxc5 31.Ref3 Nb4 32.Ne4 a5 33.Qc4 Nd5 34.R1f2 Ne3 35.Qb5 Rb8 36.Qxc5 Qxc5
37.Nxc5 Rc8 38.Ne4 Rxc2 39.Rxc2 Nxc2 40.Bf1 Ne3 41.Bb5 Rc7 42.g5 Rc1+ 43.Kh2 Nf5
44.Bc4 Re1 45.Bd3 Kf8 46.Rf1 Re3 47.Rd1 Ke7 48.Kg2 Rxe4 49.Rc1 Re3 50.Rc7+ Kd6  0-1

[Event "ch-Europe Internet Blitz"]
[Site "playchess.com INT"]
[Date "2003.11.09"]
[Round "1.3"]
[White "Libiszewski,F"]
[Black "Hansen,SuB"]
[Result "0-1"]
[WhiteElo "2446"]
[BlackElo "2551"]

1.e4 c5 2.Nf3 e6 3.d4 cxd4 4.Nxd4 a6 5.Nc3 b5 6.Bd3 Qb6 7.Nb3 Qc7 8.O-O Bb7
9.Re1 Bd6 10.h3 Nf6 11.Bg5 Be5 12.Qd2 h6 13.Be3 g5 14.f3 Nh5 15.Ne2 Nc6 16.c4 b4
17.a3 a5 18.axb4 axb4 19.Rxa8+ Bxa8 20.Ra1 Ke7 21.Ned4 Nxd4 22.Nxd4 Bh2+
23.Kf1 Bc6 24.Qxb4+ Bd6 25.c5 Bf4 26.Nxc6+ Qxc6 27.Bd4 Rb8 28.Qc3 Qc7 29.b4 f6
30.b5 Be5 31.c6 dxc6 32.Bxe5 fxe5 33.Qc5+ Kf6 34.bxc6 Qe7 35.Qxe7+ Kxe7 36.Ra7+ Kd6
37.Rh7 Nf4 38.Ba6 Kxc6 39.Rxh6 Rb1+ 40.Kf2 Rb2+ 41.Ke3 Nxg2+ 42.Kd3 Nf4+
43.Ke3 Ng2+ 44.Kd3 Nf4+ 45.Kc3 Rf2 46.Rf6 Kc5 47.Rf8 Rxf3+ 48.Kc2 Rxh3 49.Rc8+ Kd4
50.Rc4+ Ke3 51.Rc3+ Kf2 52.Rc8 g4 53.Rc5 Rh5  0-1

[Event "ch-IND A Women"]
[Site "Calicut IND"]
[Date "2003.11.10"]
[Round "2"]
[White "Saheli,N"]
[Black "Koneru,H"]
[Result "0-1"]
[WhiteElo "2127"]
[BlackElo "2485"]

1.e4 c5 2.Nf3 e6 3.d4 cxd4 4.Nxd4 a6 5.Nc3 Qc7 6.g3 Bb4 7.Ne2 Nf6 8.Bg2 O-O
9.O-O Be7 10.Be3 Ng4 11.Bf4 Ne5 12.Nd4 d6 13.Bxe5 dxe5 14.Nb3 Nc6 15.Ne2 Rd8
16.Qc1 b5 17.c3 a5 18.Qe3 a4 19.Nd2 b4 20.Rfd1 Ba6 21.Nf3 Na5 22.cxb4 Bxb4
23.Bf1 Bc5 24.Qc3 Qb6 25.Nxe5 Bxf2+ 26.Kh1 Bb7 27.Bg2 f6 28.Ng4 Bc5 29.Rac1 Bb4
30.Qf3 f5 31.Nf2 Rxd1+ 32.Rxd1 Bc5 33.Rf1 Nc4 34.Nf4 Nd2 35.Qh5 Nxf1  0-1

[Event "ch-UKR"]
[Site "Simferopol UKR"]
[Date "2003.11.10"]
[Round "7"]
[White "Dovzik,J"]
[Black "Anapolsky,S"]
[Result "0-1"]
[WhiteElo "2394"]
[BlackElo "2425"]

1.e4 c5 2.Nf3 e6 3.d4 cxd4 4.Nxd4 a6 5.Nc3 b5 6.Bd3 Qb6 7.Be3 Bc5 8.Nce2 Nf6
9.h3 Bb7 10.O-O e5 11.Nf5 Bxe3 12.Nxe3 Nxe4 13.Bxe4 Bxe4 14.Nc3 Bg6 15.a4 b4
16.Ncd5 Qc5 17.c3 bxc3 18.b4 Qa7 19.Nc4 O-O 20.Nxe5 Nc6 21.Nxg6 hxg6 22.Rb1 Rab8
23.b5 Qc5 24.Rc1 axb5 25.Rxc3 Qa7 26.Re1 Qxa4 27.Qd2 Rfe8 28.Ne3 b4 29.Rc4 Qb5
30.Rec1 b3 31.R4c3 Rb7 32.Rb1 Na5 33.Nd5 Qe2 34.Qf4 Qe4 35.Qxe4 Rxe4 36.Rc8+ Kh7
37.Rc3 Rc4 38.Kf1 Rxc3 39.Nxc3 Nc4 40.Ke2 b2 41.Rd1 Na3 42.Nb1 Nxb1 43.Rxb1 g5
44.Kd2 Kg6 45.Kc3 Kf5 46.Rxb2 Rxb2 47.Kxb2 Ke4 48.Kc3 d5 49.Kc2 Kd4 50.Kd2 Kc4
51.g3 d4 52.Kc2 d3+ 53.Kd2 Kd4 54.Kd1  0-1

[Event "1st Chesspangenberg Open"]
[Site "Buenos Aires ARG"]
[Date "2003.11.11"]
[Round "7"]
[White "Garcia,S"]
[Black "Mahia,G"]
[Result "0-1"]
[WhiteElo "2144"]
[BlackElo "2377"]

1.e4 c5 2.Nf3 e6 3.d4 cxd4 4.Nxd4 a6 5.Nc3 b5 6.Bd3 Qb6 7.Nb3 Bb7 8.Be3 Qc7
9.f4 d6 10.O-O Nf6 11.Qf3 Be7 12.a3 O-O 13.Qg3 Nbd7 14.Rae1 Rac8 15.Bd4 e5
16.fxe5 dxe5 17.Be3 Nh5 18.Qg4 g6 19.Bh6 Ng7 20.Kh1 f6 21.Re3 Rf7 22.Rg3 Nf8
23.h4 Qd7 24.Qe2 Nfe6 25.Nd1 Kh8 26.Bxg7+ Rxg7 27.Re3 Nf4 28.Qf2 Bd8 29.Qe1 Qg4
30.Qg3 Qh5 31.Qh2 f5 32.g3 Nxd3 33.cxd3 Bb6 34.Ree1 Rd7 35.Nf2 Bxf2 36.Rxf2 Rxd3
37.Nd2 Qg4 38.Rg2 Rc2 39.Kg1 Rxb2  0-1

[Event "7th BayEM"]
[Site "Bad Wiessee GER"]
[Date "2003.11.12"]
[Round "5"]
[White "Naumann,A"]
[Black "Landa,K"]
[Result "1/2-1/2"]
[WhiteElo "2518"]
[BlackElo "2587"]

1.e4 c5 2.Nf3 e6 3.d4 cxd4 4.Nxd4 a6 5.Nc3 Qc7 6.Be2 b5 7.O-O Bb7 8.Bf3 d6
9.Re1 Nd7 10.a4 bxa4 11.Nxa4 Ngf6 12.g3 Be7 13.Bg2 O-O 14.Bd2 Rfc8 15.Nb3 Rab8
16.Nc3 Ne5 17.Na5 Ba8 18.Ra2 Nc6 19.Nxc6 Qxc6 20.Qe2 Bb7 21.b3 Bd8 22.Nd1 Bb6
23.Be3 Ra8 24.Bxb6 Qxb6 25.Nb2 Qc7 26.Na4 h6 27.Qe3 Nd7 28.Rd1 Rd8 29.h3 Rab8  1/2-1/2

[Event "7th BayEM"]
[Site "Bad Wiessee GER"]
[Date "2003.11.12"]
[Round "5"]
[White "Wiersma,E"]
[Black "Heinz,A"]
[Result "1/2-1/2"]
[WhiteElo "2402"]
[BlackElo "2222"]

1.e4 c5 2.Nf3 e6 3.d4 cxd4 4.Nxd4 a6 5.Nc3 b5 6.Bd3 Qb6 7.Nf3 Nc6 8.O-O Qb8
9.e5 Nge7 10.Be4 Bb7 11.Re1 Nb4 12.Ng5 Ng6 13.Bxb7 Qxb7 14.a3 Nc6 15.Qf3 Nd8
16.Qg3 Rc8 17.h4 Ne7 18.Qd3 h5 19.Nce4 Nf5 20.Nf3 Qc6 21.c3 Nb7 22.Bg5 Nc5
23.Nxc5 Bxc5 24.Nd2 Be7 25.Bxe7  1/2-1/2

[Event "1st Chesspangenberg Open"]
[Site "Buenos Aires ARG"]
[Date "2003.11.12"]
[Round "8"]
[White "Granara Barreto,S"]
[Black "Giardelli,S"]
[Result "1-0"]
[WhiteElo "2292"]
[BlackElo "2445"]

1.e4 c5 2.Nf3 e6 3.d4 cxd4 4.Nxd4 a6 5.Nc3 b5 6.Bd3 Qb6 7.Nb3 Qc7 8.Be3 Nf6
9.O-O Bb7 10.f4 d6 11.e5 dxe5 12.fxe5 Nfd7 13.Rxf7 Kxf7 14.Qh5+ Kg8 15.Rf1 g6
16.Qg4 Nxe5 17.Qxe6+ Nf7 18.Ne4 Bxe4 19.Bxe4 Ra7 20.Bd5 h5 21.Qxg6+ Bg7 22.Nd4 Qe5
23.Nf5 Nc6 24.Bxa7  1-0